تعبير کی شرح (Record no. 2775)

MARC details
000 -LEADER
fixed length control field 00914 a2200241 4500
005 - DATE AND TIME OF LATEST TRANSACTION
control field 2008082701221.0
008 - FIXED-LENGTH DATA ELEMENTS--GENERAL INFORMATION
fixed length control field 080827t xxu||||| |||| 00| e eng d
010 ## - LIBRARY OF CONGRESS CONTROL NUMBER
LC control number UR-7236
020 ## - INTERNATIONAL STANDARD BOOK NUMBER
Terms of availability 175.00
035 ## - SYSTEM CONTROL NUMBER
System control number U-5803
037 ## - SOURCE OF ACQUISITION
Source of stock number/acquisition D.B.Act / Pub
082 ## - DEWEY DECIMAL CLASSIFICATION NUMBER
Classification number 841.08
100 ## - MAIN ENTRY--PERSONAL NAME
Personal name فاروقی شمس الر حمن۔
245 ## - TITLE STATEMENT
Title تعبير کی شرح
Statement of responsibility, etc فاروقی شمس الر حمن
246 ## - VARYING FORM OF TITLE
Title proper/short title Tabeer ki Sharah
Remainder of title by Shams-ur- RahmanFaruqui
260 ## - PUBLICATION, DISTRIBUTION, ETC. (IMPRINT)
Place of publication, distribution, etc نئ دھلی‎
Name of publisher, distributor, etc مکتبہ جا معہ لميٹيڈ
Date of publication, distribution, etc 2006
270 ## - ADDRESS
Address جا معہ نگر
Postal code 110025
300 ## - PHYSICAL DESCRIPTION
Extent 208 ص
Other physical details 22 cm (Pbk.)
650 ## - SUBJECT ADDED ENTRY--TOPICAL TERM
Topical term or geographic name as entry element تنقيد
650 ## - SUBJECT ADDED ENTRY--TOPICAL TERM
Topical term or geographic name as entry element Literary Criticism
942 ## - ADDED ENTRY ELEMENTS (KOHA)
Institution code [OBSOLETE] dpl
Koha item type Urdu Bks
Call number prefix 841.08/ ف ا ر
Source of classification or shelving scheme Dewey Decimal Classification
Classification part 841.08
Call number suffix ف ا ر
Holdings
Withdrawn status Lost status Damaged status Not for loan Home library Current library Date acquired Cost, normal purchase price Total Checkouts Full call number Barcode Date last seen Copy number Uniform Resource Identifier Cost, replacement price Price effective from Koha item type
      Not For Loan D.B.Act.Division D.B.Act.Division   175.00   841.08 ف ا ر U-5803 15/09/2008 1 2965 175.00 15/09/2008 Urdu Bks

© Delhi Public Library
Hit Counter
free hit counter